Buteurs de l'Euro 2012 - Statistiques

Statistiques générales
  • Ce quiz a été pris 132 fois
  • Le résultat moyen est 6 sur 16
Statistiques - réponses
Nombre de buts marqués Sélection nationale Joueur % Correct
3 Portugal Cristiano Ronaldo
93%
3 Espagne Fernando Torres
88%
3 Croatie Mario Mandžukić
74%
2 Suède Zlatan Ibrahimović
70%
3 Italie Mario Balotelli
69%
3 Allemagne Mario Gómez
61%
2 Espagne David Silva
50%
2 Espagne Francesc Fàbregas
39%
2 Espagne Xabi Alonso
27%
2 Ukraine Andri Chevtchenko
26%
2 Danemark Nicklas Bendtner
20%
2 Danemark Michael Krohn-Dehli
4%
2 Grèce Dimítris Salpingídis
3%
3 Russie Alan Dzagoïev
2%
2 République tchèque Petr Jiráček
2%
2 République tchèque Václav Pilař
2%
Aucun quiz correspondant
Distribution des résultats
% des personnes avec chaque résultat
Percentile par nombre de réponses
Votre historique - résultats
Vous n’avez pas pris ce quiz